| 000 | 00517nam a2200193Ia 4500 | ||
|---|---|---|---|
| 003 | LDD | ||
| 008 | 181029s9999 xx 000 0 und d | ||
| 020 |
_a1857433459 _cP 455.00 |
||
| 040 | _cLDD | ||
| 245 | 4 | _aThe Europa World of learning 2006 | |
| 250 | _a56th ed. | ||
| 260 |
_aLondon _bRoutledge _c2005 |
||
| 300 | _aV.1 A-M,V. | ||
| 365 | _bP 455.00 | ||
| 901 |
_a3166 _b28-06-2005 |
||
| 902 |
_aIN10853 _b28-10-2005 _cF _e0 |
||
| 903 |
_aDiscount-10 _bReqst by : Jagannathan, Neela (Dr. Mrs.) |
||
| 942 |
_2ddc _cBK |
||
| 999 |
_c74019 _d74019 |
||